Elektrické stanice /

Salvato in:
Dettagli Bibliografici
Autori principali: Varga, Ladislav (Autore), Ilenin, Stanislav (Autore)
Natura: Libro
Lingua:slovacco
Pubblicazione: Košice : Mercury-Smékal, 2003
Tags: Aggiungi Tag
Nessun Tag, puoi essere il primo ad aggiungerne!!

MARC

LEADER 00000nam a22000003a 4500
001 0110142
003 SK-STU
005 20240620103442.8
007 ta
008 240620s ----xo-----e------000-0-----d
020 |a 80-89061-72-9 
040 |a STU  |b slo 
041 0 |a slo 
044 |a xo 
080 |a 621.316 
100 1 |a Varga, Ladislav  |4 aut 
245 1 0 |a Elektrické stanice /  |c aut. Ladislav Varga, Stanislav Ilenin 
260 |a Košice :  |b Mercury-Smékal,  |c 2003 
300 |a 88 s. 
700 1 |a Ilenin, Stanislav  |4 aut 
996 |b 284EK90689  |c E* 90689  |l EE01  |s A  |a 24  |w 0110142_0001